Do kancelárií vstúpi rok 2007

Bibliographic Details
Main Author: Šikuda, Slavomír (Author)
Format: Article
Language:Slovak
PhysicalDescription:Tab.
ISSN:1335-4701
Subjects:

MARC

LEADER 00000nab a2200000 a 4500
001 vtls009008039
003 SK-MaSNL
005 20260303065506.0
008 140301c20070109xo dr|p|||||||000 b|slo
015 |a SNBRB2007/07  |2 snkbucl 
038 |a SNKBUCL 
040 |a SNKBUCL  |b slo  |c SNKBUCL  |e AACR2 
041 0 |a slo 
044 |a xo  |c SK 
080 |a 004.42  |2 2001 
080 |a 004.91:651  |2 2001 
100 1 |a Šikuda, Slavomír  |4 aut  |9 858129 
245 1 0 |a Do kancelárií vstúpi rok 2007  |c pripravil Slavomír Šikuda 
300 |b Tab. 
650 0 7 |a Microsoft Office 2007  |2 snkbucl  |9 335771 
650 0 7 |a kancelársky softvér  |2 snkbucl  |9 3703 
773 0 |t Hospodárske noviny  |g Roč. XV., č. 6 (9.1.2007)  |x 1335-4701 
773 0 8 |t New wawe  |g S. 24 
852 |a SNK  |b KIS3GCP 
999 |c 1751399  |d 1753329